• 首页
  • 本馆介绍
  • 公告通知
  • 最新文献
  • 馆藏检索
  • 电子资源
  • 读者导购
  • 参考咨询
  • 我的图书馆
  • 登录
  • 详细信息显示
  • 放入我的书架
  • 预约/预借图书
  • 作者相关作品
  • 分类相关作品
  • 丛书相关作品
  • 出版社相关作品

书目信息

  • 表格格式
  • 工作单格式
  • 卡片格式
书名: Essays in Zen Buddhism
作者: by Daisetz Teitaro Suzuki.
分册号:
分册名:
出版地: London :
 
出版社: Luzac
出版时间: 1927.
页数: x, 387p. :
开本: 20cm.
丛书名:
中图分类号:
科图分类号:
其他分类号: B942.1
主题词:
电子资源:
000 00817cam a2200277 a 4500
001 E0738483589
003 CAL
005 20070709104419.37
008 910103s1927 enka 001 0 eng u
010    @a 28013399
035    @a(CStRLIN)91-B302
040    @cMH-AH@dNNU@dCStRLIN@dCBGTU
041 1  @aeng@bchi@hjpn
043    @aa-cc---
090    @aB942.1
093    @aB942.1@24
099    @dB942.1@ex40
100 1  @aSuzuki, Daisetz Teitaro,@d1870-1966.
245 10 @aEssays in Zen Buddhism.@nFirst series / @cby Daisetz Teitaro Suzuki.
260    @aLondon :@bLuzac,@c1927.
300    @ax, 387p. :@bill. ;@c20cm.
500    @a"Published for the Eastern Buddhist society, Kyoto, Japan."
500    @aIncludes index.
650  0 @aBuddhism@zChina.
650  0 @aZen Buddhism.
710 2  @aEastern Buddhist Society.
    
    Essays in Zen Buddhism.. First series / / by Daisetz Teitaro Suzuki.-London : : Luzac, , 1927.
    x, 387p. : : ill. ; ; 20cm.
    "Published for the Eastern Buddhist society, Kyoto, Japan.".-Includes index.
    
    ISBN
    
●
相关链接 在E读中查询图书 在五车中查询图书 在当当中查询图书 在豆瓣中查询图书


正题名:Essays in Zen Buddhism     索取号:B942.1/x40         预约/预借

序号 登录号 条形码 馆藏地/架位号 状态 备注
1 0011734   300117344   第二样本阅览室/ [索取号:B942.1/x40] 在馆    
唐山师范学院图书馆 欢迎您!
大连网信软件有限公司© 版权所有